000 00633nam a2200241 i 4500
001 C2-0117867
003 PPAK
005 20180727110839.0
008 970729s1994 my |||| ||||| | eng d
020 _a9676528595
040 _aPPAK
_beng
_cPPAK
_erda
082 0 4 _a657.42
_223
090 0 0 _a657.42
_bDAS
_dG
100 0 _aPrabir Das,
_eauthor
245 1 0 _aCost and management accounting
264 1 _aKuala Lumpur :
_bFajar Bakti ,
_c1994
300 _aviii, 188 pages ;
_c25 cm
336 _2rdacontent
_atext
337 _2rdamedia
_aunmediated
338 _2rdacarrier
_avolume
650 1 0 _aAccounting
942 _ddc
_cB
999 _c31804
_d31804